000 00632nam a2200169Ia 4500
008 090711s9999 xx 000 0 und d
082 _b56166
100 _aघाणेकर प्र. के.
245 _aएव्हरेस्ट राजा हिमशिखरांSाा
260 _c1987
300 _a298
600 _aघाणेकर प्र. के.
630 _aएव्हरेस्ट राजा हिमशिखरांSाा
700 _aघाणेकर प्र. के.
730 _aएव्हरेस्ट राजा हिमशिखरांSाा
942 _cBOOK
999 _c296230
_d296230